000 00766nam a2200265Ia 4500
003 OSt
005 20220928115139.0
006 a|||||r|||| 00| 0
007 ta
008 220927b |||||||| |||| 00| 0 eng d
020 _c1115.604
024 _a118349
037 _b187, 27/11/2012, N.R.Book Distributors
_cTextual
040 _aSDCL
_cSDCL
_beng
041 _2eng
_aeng
082 _aL:4:56, Q2
100 _aLevinson Warren
_9421482
245 0 _aReview of Medical Microbiology and Immunology.
250 _a12th
260 _aNew Delhi
_bMcGraw Hill
_c2012
300 _ax,710p
_ccm.
650 _aMicrobiology
942 _hL:4:56, Q2
_cTEXL
_2CC
999 _c758395
_d758395